[Event "Sparkassen-Open A"]
[Site "Heusenstamm, Martinsee"]
[Date "2017.11.24"]
[Round "3.53"]
[White "Hahn, Florian"]
[Black "Junker, Christian"]
[Result "1/2-1/2"]
[WhiteElo "2141"]
[BlackElo "1952"]
[PlyCount "70"]
[EventDate "2017.??.??"]
[WhiteTeam "SC Herborn"]
[BlackTeam "SV Neu-Isenburg"]

1. Nf3 f5 2. c4 Nf6 3. g3 e6 4. Bg2 d5 5. O-O Be7 6. d3 O-O 7. b3 d4 8. Bb2 c5
9. b4 a5 10. bxc5 Bxc5 11. Ba3 Qd6 12. Qc1 Nc6 13. Bxc5 Qxc5 14. Na3 e5 15. Nb5
Bd7 16. Qb2 Rad8 17. Rfc1 Bc8 18. Rab1 Rfe8 19. Nd2 e4 20. Nb3 Qe5 21. c5 a4
22. Nd2 exd3 23. exd3 Qe2 24. Bf1 Qh5 25. Nd6 f4 26. Bg2 fxg3 27. hxg3 Rf8 28.
N2e4 Ng4 29. Nxc8 Rxc8 30. Re1 Qh2+ 31. Kf1 Ne3+ 32. Rxe3 dxe3 33. f4 Kh8 34.
Re1 Qh5 35. Rxe3 Rcd8 1/2-1/2

[Event "Sparkassen-Open A"]
[Site "Heusenstamm, Martinsee"]
[Date "2017.11.24"]
[Round "3.54"]
[White "Köllner, Ruben Gideon"]
[Black "Wolff, Michael"]
[Result "1-0"]
[WhiteElo "2133"]
[BlackElo "1951"]
[PlyCount "85"]
[EventDate "2017.??.??"]
[WhiteTeam "SG Bochum"]
[BlackTeam "Ford SF Köln"]

1. d4 Nf6 2. Bg5 c5 3. Bxf6 gxf6 4. d5 Qb6 5. Qc1 Bh6 6. e3 Rg8 7. c4 f5 8. Nc3
Qg6 9. Nf3 d6 10. g3 Nd7 11. Be2 Ne5 12. Nb5 Nxf3+ 13. Bxf3 Kf8 14. Qc2 Bd7 15.
a4 a6 16. Nc3 Kg7 17. Be2 Kh8 18. Qb3 Rab8 19. Qb6 Rgc8 20. a5 Bf8 21. Qb3 e5
22. Bd3 Qh5 23. Be2 Qg6 24. f4 exf4 25. gxf4 Be7 26. Kd2 Rg8 27. h4 Qg3 28. h5
Bf6 29. Rag1 Qxg1 30. Rxg1 Rxg1 31. Qb6 Bh4 32. Qxd6 Rd8 33. Qxc5 Bc8 34. Qd4+
Kg8 35. d6 Be6 36. Bf3 Rf1 37. Bxb7 Rf2+ 38. Ne2 h6 39. c5 Rf1 40. Bd5 Be1+ 41.
Kc2 Bxa5 42. Bxe6 fxe6 43. b4 1-0

[Event "Sparkassen-Open A"]
[Site "Heusenstamm, Martinsee"]
[Date "2017.11.24"]
[Round "3.55"]
[White "Schindelmeiser, Frank"]
[Black "Rendboe, John Filip"]
[Result "1/2-1/2"]
[WhiteElo "1944"]
[BlackElo "2127"]
[PlyCount "58"]
[EventDate "2017.??.??"]
[WhiteTeam "SV Oberursel"]
[BlackTeam "Aarhus/Skolerne"]

1. c4 e5 2. g3 Nc6 3. Nc3 g6 4. Bg2 Bg7 5. e4 d6 6. Nge2 Nge7 7. d3 O-O 8. O-O
Be6 9. Nd5 Rb8 10. Bg5 f6 11. Be3 a5 12. Nec3 Nd4 13. Bxd4 exd4 14. Nb5 c5 15.
Qd2 Nc6 16. Rae1 b6 17. f4 Qd7 18. a3 Bh6 19. Qf2 Na7 20. Nbc7 b5 21. f5 Bxd5
22. Nxd5 g5 23. Qc2 Kh8 24. b3 Nc6 25. g4 Ne5 26. h3 Bg7 27. Kf2 Qf7 28. Bf3
Rfc8 29. Rb1 Kg8 1/2-1/2

[Event "Sparkassen-Open A"]
[Site "Heusenstamm, Martinsee"]
[Date "2017.11.24"]
[Round "3.56"]
[White "Engel, Berthold"]
[Black "Pabel, Ralph"]
[Result "1-0"]
[WhiteElo "2125"]
[BlackElo "1950"]
[PlyCount "45"]
[EventDate "2017.??.??"]
[WhiteTeam "BG Buchen"]
[BlackTeam "SK Mainaschaff"]

1. c4 c5 2. g3 Nf6 3. Bg2 d5 4. cxd5 Nxd5 5. Nc3 Nc7 6. d3 Nd7 7. Nf3 e5 8. O-O
Be7 9. Nd2 O-O 10. Nc4 Rb8 11. a4 b6 12. Nb5 Bb7 13. Nxa7 Nd5 14. Nb5 Bf6 15.
Bd2 Qe7 16. Qb3 Bg5 17. e3 N7f6 18. Rae1 e4 19. Ncd6 Ba8 20. Nxe4 Nxe4 21. Bxe4
Rfd8 22. Rd1 Bf6 23. Bg2 1-0

[Event "Sparkassen-Open A"]
[Site "Heusenstamm, Martinsee"]
[Date "2017.11.24"]
[Round "3.57"]
[White "Meiser, Markus"]
[Black "Köllner, Aaron Noah"]
[Result "0-1"]
[WhiteElo "2117"]
[BlackElo "1935"]
[PlyCount "108"]
[EventDate "2017.??.??"]
[WhiteTeam "Sges Bensheim"]
[BlackTeam "SV Bergneustadt/Derschlag"]

1. d4 d5 2. c4 c6 3. Nf3 Nf6 4. Nc3 dxc4 5. a4 Bf5 6. e3 e6 7. Bxc4 Bb4 8. O-O
O-O 9. Qe2 Nbd7 10. e4 Bg6 11. e5 Nd5 12. Ne4 Re8 13. Rd1 Be7 14. Bd2 N5b6 15.
Bd3 Rc8 16. Ba5 Nf8 17. Nc5 Rb8 18. Be1 Bh5 19. Be4 Nbd7 20. b4 Qc7 21. Nxd7
Nxd7 22. Rdc1 Rbd8 23. h3 Qb8 24. Qd3 Bg6 25. Bxg6 hxg6 26. Qe4 Nb6 27. b5 cxb5
28. axb5 Rc8 29. Bd2 Rxc1+ 30. Bxc1 Rd8 31. Bg5 Nd5 32. Bxe7 Nxe7 33. g4 Nd5
34. Ng5 Rd7 35. Qf3 Qd8 36. Ne4 Qb6 37. Nc5 Rd8 38. Kh2 Ra8 39. Qd3 Nc7 40. Rb1
Rd8 41. Rb3 Rd5 42. Qc4 Ne8 43. Kg3 Qc7 44. Qb4 b6 45. Ne4 Qd7 46. Rd3 Rxb5 47.
Qc4 Rd5 48. Nc3 Ra5 49. d5 exd5 50. Nxd5 Qe6 51. f4 g5 52. Qe4 Nf6 53. Nxf6+
gxf6 54. Rd8+ Kg7 0-1

[Event "Sparkassen-Open A"]
[Site "Heusenstamm, Martinsee"]
[Date "2017.11.24"]
[Round "3.58"]
[White "Herlan, Klaus-Jürgen"]
[Black "Edel, Thomas"]
[Result "1/2-1/2"]
[WhiteElo "1931"]
[BlackElo "2104"]
[PlyCount "43"]
[EventDate "2017.??.??"]
[WhiteTeam "SK Marmstorf"]
[BlackTeam "SF Hannover"]

1. Nf3 f5 2. d4 Nf6 3. g3 g6 4. Bg2 Bg7 5. c4 d6 6. Nc3 O-O 7. O-O c6 8. Qc2
Na6 9. a3 Qe8 10. b4 e5 11. e3 e4 12. Nd2 Nc7 13. Bb2 Bd7 14. a4 g5 15. Rfe1
Qh5 16. f3 exf3 17. Bxf3 Qg6 18. b5 Rae8 19. Ba3 g4 20. Bxd6 gxf3 21. Bxc7 Ng4
22. Nxf3 1/2-1/2

[Event "Sparkassen-Open A"]
[Site "Heusenstamm, Martinsee"]
[Date "2017.11.24"]
[Round "3.59"]
[White "Foerster-Yialamas, Lucas"]
[Black "Köllner, Christof"]
[Result "0-1"]
[WhiteElo "1825"]
[BlackElo "2099"]
[PlyCount "50"]
[EventDate "2017.??.??"]
[WhiteTeam "SK Frankenthal"]
[BlackTeam "SV Bergneustadt/Derschlag"]

1. e4 d6 2. d4 Nf6 3. Nc3 e5 4. Nf3 Nbd7 5. Bc4 Be7 6. O-O c6 7. Bb3 Qc7 8. Re1
h6 9. h3 Nf8 10. Be3 Ng6 11. d5 O-O 12. a4 a5 13. Qd2 Kh7 14. Rad1 Bd7 15. dxc6
bxc6 16. Qd3 Qc8 17. Kh2 Nh5 18. Qd2 f5 19. Bc5 fxe4 20. Nxe4 Bxh3 21. Bxd6
Bxg2 22. Kxg2 Nhf4+ 23. Kg1 Qg4+ 24. Ng3 Qxf3 25. Bd5 cxd5 0-1

[Event "Sparkassen-Open A"]
[Site "Heusenstamm, Martinsee"]
[Date "2017.11.24"]
[Round "3.60"]
[White "Mehringer, Jörg"]
[Black "Rondonuwu, Grover"]
[Result "0-1"]
[WhiteElo "1927"]
[BlackElo "2098"]
[PlyCount "64"]
[EventDate "2017.??.??"]
[WhiteTeam "Schachpinguine Berlin"]
[BlackTeam "Frankfurter TV"]

1. e4 c5 2. g3 g6 3. Bg2 Bg7 4. Ne2 Nc6 5. O-O Nf6 6. c3 d5 7. exd5 Nxd5 8. d4
cxd4 9. Nxd4 Nxd4 10. cxd4 O-O 11. Nc3 Be6 12. Ne4 Bd7 13. Re1 Bc6 14. Rb1 Qb6
15. Be3 Rad8 16. Nc5 Nxe3 17. fxe3 Bxg2 18. Kxg2 e5 19. Qa4 exd4 20. Nd7 Qe6
21. Nxf8 Qe4+ 22. Kg1 Bh6 23. Qd1 Bxe3+ 24. Kf1 Qh1+ 25. Ke2 Qxh2+ 26. Kd3 Qxg3
27. Re2 Bh6+ 28. Kc4 Rc8+ 29. Kb5 a6+ 30. Ka4 b5+ 31. Ka5 Qc7+ 32. Kb4 Bxf8+
0-1

[Event "Sparkassen-Open A"]
[Site "Heusenstamm, Martinsee"]
[Date "2017.11.24"]
[Round "3.61"]
[White "Khamenya, Vitalia"]
[Black "Karimi, Farhad"]
[Result "1/2-1/2"]
[WhiteElo "1913"]
[BlackElo "2097"]
[PlyCount "93"]
[EventDate "2017.??.??"]
[WhiteTeam "SK Gräfelfing"]
[BlackTeam "Satranç Club"]

1. e4 c6 2. Nf3 d5 3. exd5 cxd5 4. Ne5 Nf6 5. d4 g6 6. Bd3 Nc6 7. c3 Bf5 8. O-O
Bg7 9. Bc2 Bxc2 10. Qxc2 Rc8 11. Qd3 O-O 12. Nd2 Nd7 13. f4 Ncxe5 14. fxe5 Qb6
15. Kh1 f6 16. exf6 Nxf6 17. Nb3 Ne4 18. Be3 Rf5 19. Rxf5 gxf5 20. Rf1 Rf8 21.
Qe2 Qg6 22. Qb5 e6 23. Bf4 Qg4 24. Rf3 Qh4 25. Qe2 b6 26. Kg1 Kh8 27. Nc1 Bh6
28. Be5+ Bg7 29. Bf4 Rg8 30. Nd3 Bf6 31. Ne5 Rg7 32. Qe3 Bg5 33. Bxg5 Nxg5 34.
Rf1 Ne4 35. Qf4 Qxf4 36. Rxf4 Kg8 37. g3 Kf8 38. Kg2 b5 39. Nd3 Rc7 40. Rh4 Kg7
41. Kf3 Ng5+ 42. Ke2 a5 43. a3 h6 44. Rf4 Ne4 45. Kd1 Kf6 46. Kc2 a4 47. Kd1
1/2-1/2

[Event "Sparkassen-Open A"]
[Site "Heusenstamm, Martinsee"]
[Date "2017.11.24"]
[Round "3.62"]
[White "Browning, Alex"]
[Black "Kulenovic, Adnan"]
[Result "1-0"]
[WhiteElo "2095"]
[BlackElo "1927"]
[PlyCount "157"]
[EventDate "2017.??.??"]
[WhiteTeam "MS Halver-Schalksmühle"]
[BlackTeam "SV Kinzigtal"]

1. e4 e5 2. Nf3 f5 3. Nxe5 Qe7 4. d4 Nc6 5. Nxc6 Qxe4+ 6. Be2 dxc6 7. O-O Bd7
8. Bh5+ Kd8 9. Nc3 Qh4 10. g3 Qf6 11. Be3 Bd6 12. Qd2 h6 13. d5 c5 14. f4 Ne7
15. Bf3 Rg8 16. Bg2 Ke8 17. Rae1 Kf7 18. Qd3 a5 19. Qc4 b6 20. a4 Rge8 21. Nb5
Nc8 22. Bf2 Kf8 23. Qb3 g6 24. Rxe8+ Bxe8 25. Be1 Bf7 26. Bc3 Qd8 27. Be5 Kg8
28. c4 Na7 29. Nxd6 cxd6 30. Bc3 Nc8 31. Qc2 Ra7 32. b3 Qf8 33. Bb2 Be8 34. Qc3
Kh7 35. Re1 Re7 36. Rf1 Bd7 37. Kf2 g5 38. fxg5 hxg5 39. Qf6 Qg8 40. Bf3 Rf7
41. Qc3 Ne7 42. Re1 g4 43. Bd1 Ng6 44. Bc2 Kh6 45. Bc1+ Kh7 46. h4 gxh3 47. Rh1
f4 48. Bxf4 Qf8 49. Qd3 Rf6 50. Qf3 Kg8 51. Qh5 Qg7 52. Ke3 Rxf4 53. Qxg6 Qxg6
54. Bxg6 Rg4 55. Bc2 Rxg3+ 56. Kf4 Rc3 57. Bd1 Rc1 58. Ke3 Bg4 59. Rg1 Rxd1 60.
Rxg4+ Kf7 61. Rf4+ Kg6 62. Rg4+ Kh5 63. Rg8 Rb1 64. Rh8+ Kg5 65. Rxh3 Rxb3+ 66.
Ke4 Rb4 67. Rg3+ Kf6 68. Rf3+ Ke7 69. Rh3 Rxc4+ 70. Kf5 Rxa4 71. Rh7+ Kf8 72.
Ke6 c4 73. Kxd6 c3 74. Rc7 Re4 75. Rxc3 b5 76. Rc5 Rb4 77. Kc7 Ke7 78. d6+ Ke6
79. d7 1-0

[Event "Sparkassen-Open A"]
[Site "Heusenstamm, Martinsee"]
[Date "2017.11.24"]
[Round "3.63"]
[White "Neininger, Ralph"]
[Black "Iliev, Mustafa Batuhan"]
[Result "1-0"]
[WhiteElo "2069"]
[BlackElo "1808"]
[PlyCount "81"]
[EventDate "2017.??.??"]
[WhiteTeam "Frankfurter TV"]
[BlackTeam "SV Großauheim"]

1. Nf3 f5 2. d4 Nf6 3. g3 g6 4. Bg2 Bg7 5. O-O O-O 6. c3 d6 7. Qb3+ e6 8. Nbd2
Nc6 9. Re1 Ne4 10. Nxe4 fxe4 11. Nd2 d5 12. f3 exf3 13. exf3 g5 14. Nf1 a5 15.
f4 g4 16. Ne3 a4 17. Qc2 h5 18. Qg6 h4 19. Nxg4 Ne7 20. Nh6+ Kh8 21. Nf7+ Kg8
22. Nxd8 Nxg6 23. Nxe6 c6 24. Nxf8 Bxf8 25. Bd2 Bf5 26. Bf3 h3 27. Kf2 Bd6 28.
g4 Bd3 29. Re6 Rd8 30. Kg3 Kf7 31. Rxd6 Rxd6 32. f5 Ne7 33. Kxh3 Nc8 34. Kg3 b5
35. Bf4 Rd7 36. Be5 Nb6 37. Kf4 Nc4 38. b3 Nd2 39. Rd1 Nxf3 40. Rxd3 Ne1 41.
Rh3 1-0

[Event "Sparkassen-Open A"]
[Site "Heusenstamm, Martinsee"]
[Date "2017.11.24"]
[Round "3.64"]
[White "Kuznetsov, Volodymyr"]
[Black "Wüstehube, Harry"]
[Result "1-0"]
[WhiteElo "2088"]
[BlackElo "1923"]
[PlyCount "95"]
[EventDate "2017.??.??"]
[WhiteTeam "SG Idstein"]
[BlackTeam "Kasseler SK"]

1. d4 Nf6 2. c4 g6 3. Nc3 Bg7 4. e4 d6 5. f3 O-O 6. Be3 c5 7. dxc5 dxc5 8. Qxd8
Rxd8 9. Bxc5 Nc6 10. Rd1 Rxd1+ 11. Kxd1 Nd7 12. Ba3 Bxc3 13. bxc3 b6 14. Ne2 e5
15. Nc1 Ba6 16. Nb3 Rc8 17. c5 Bxf1 18. Rxf1 bxc5 19. Nxc5 Nb6 20. Nd3 Nc4 21.
Bc1 Rb8 22. Rf2 Rd8 23. Kc2 Rb8 24. Nc5 Rb5 25. Nb3 Rb8 26. Kd3 Nb6 27. Be3
Rd8+ 28. Kc2 Nc4 29. Bc5 Rd7 30. Re2 Kg7 31. Nd2 N4a5 32. Bb4 Nb7 33. Re3 a5
34. Ba3 Rc7 35. Kb3 Ncd8 36. Rd3 Ne6 37. Rd5 Nf4 38. Rxe5 Nxg2 39. Re7 Nc5+ 40.
Bxc5 Rxc5 41. c4 Ne3 42. Kc3 Rh5 43. Rb7 Rxh2 44. c5 Kf8 45. c6 Rh1 46. Kd3 Rc1
47. c7 Kg7 48. Kxe3 1-0

[Event "Sparkassen-Open A"]
[Site "Heusenstamm, Martinsee"]
[Date "2017.11.24"]
[Round "3.65"]
[White "Marchese, Gaspare"]
[Black "Konik, Michael"]
[Result "0-1"]
[WhiteElo "1899"]
[BlackElo "2085"]
[PlyCount "80"]
[EventDate "2017.??.??"]
[WhiteTeam "SC Matt im Park"]
[BlackTeam "SK Mainaschaff"]

1. e4 d5 2. exd5 Qxd5 3. Nc3 Qa5 4. d4 Nf6 5. Nf3 c6 6. Bd2 Bf5 7. Bc4 e6 8.
Qe2 Bb4 9. O-O Nbd7 10. a3 Bxc3 11. Bxc3 Qc7 12. Bd3 Bg4 13. h3 Bh5 14. Bd2 O-O
15. c4 Rfe8 16. Qd1 Rad8 17. Be2 e5 18. d5 cxd5 19. cxd5 Nxd5 20. Rc1 Qb6 21.
Qa4 Nc5 22. Rxc5 Qxc5 23. Rc1 Qe7 24. Bb5 Rf8 25. Qe4 Bxf3 26. Qxf3 e4 27. Qg3
Qd6 28. Qb3 a6 29. Be2 Nf4 30. Bxf4 Qxf4 31. Rc4 b5 32. Rc2 g6 33. g3 Qe5 34.
Bg4 Rd3 35. Qb4 e3 36. f4 Qd4 37. Qxd4 Rxd4 38. Be2 Rd2 39. Rxd2 exd2 40. Bd1
Re8 0-1

[Event "Sparkassen-Open A"]
[Site "Heusenstamm, Martinsee"]
[Date "2017.11.24"]
[Round "3.66"]
[White "Medvedovski, Michael"]
[Black "Wolff, Peter"]
[Result "1-0"]
[WhiteElo "2048"]
[BlackElo "1906"]
[PlyCount "105"]
[EventDate "2017.??.??"]
[WhiteTeam "Frankfurter TV"]
[BlackTeam "VSG Offenbach"]

1. e4 c6 2. d4 d5 3. exd5 cxd5 4. c4 Nf6 5. Nc3 Nc6 6. Nf3 Bg4 7. cxd5 Nxd5 8.
Qb3 Bxf3 9. gxf3 e6 10. Qxb7 Nxd4 11. Bb5+ Nxb5 12. Qc6+ Ke7 13. Qxb5 Qd7 14.
Nxd5+ Qxd5 15. Bg5+ f6 16. Qxd5 exd5 17. Be3 Ke6 18. O-O-O Rc8+ 19. Kb1 Bc5 20.
Rhe1 Bxe3 21. Rxe3+ Kd6 22. Ra3 Rc7 23. Ra5 Rhc8 24. Raxd5+ Ke6 25. a3 Rb8 26.
Rd6+ Kf5 27. Rd7 Rbb7 28. R7d5+ Kf4 29. R1d3 Re7 30. R5d4+ Kf5 31. Re3 Red7 32.
Rxd7 Rxd7 33. Kc2 Kf4 34. b4 g5 35. a4 Rd4 36. Kc3 Rd1 37. b5 Ra1 38. Kb4 Ra2
39. Re7 h5 40. Rxa7 Rxf2 41. Rf7 f5 42. b6 Rxh2 43. Kc3 Rh1 44. b7 Rb1 45. a5
h4 46. a6 h3 47. a7 h2 48. b8=Q+ Rxb8 49. axb8=Q+ Kxf3 50. Qxh2 f4 51. Kd3 Kg4
52. Qg2+ Kh5 53. Rg7 1-0

[Event "Sparkassen-Open A"]
[Site "Heusenstamm, Martinsee"]
[Date "2017.11.24"]
[Round "3.67"]
[White "Weiss, Matthias"]
[Black "Thomele, Michael"]
[Result "1-0"]
[WhiteElo "2063"]
[BlackElo "1901"]
[PlyCount "135"]
[EventDate "2017.??.??"]
[WhiteTeam "SF Schöneck"]
[BlackTeam "SC Obernau"]

1. e4 e5 2. Nf3 d6 3. d4 exd4 4. Nxd4 Nf6 5. Nc3 Be7 6. Bc4 a6 7. a4 O-O 8. O-O
Bd7 9. Qf3 Nc6 10. Nxc6 Bxc6 11. Bf4 Nd7 12. Rad1 Bf6 13. Bd5 Ne5 14. Qg3 Ng6
15. Bc1 Bxc3 16. Qxc3 Bxd5 17. Rxd5 Rc8 18. Rfd1 Qe8 19. Qb4 Qe6 20. b3 f6 21.
f3 Rb8 22. Qd2 Rbe8 23. Bb2 Rf7 24. c4 Kh8 25. Kf2 Ref8 26. Qc3 Ne7 27. R5d2
Ng6 28. b4 Ne5 29. c5 dxc5 30. Qxc5 h6 31. Bxe5 fxe5 32. a5 Re8 33. Qd5 Qxd5
34. Rxd5 Re6 35. b5 Rfe7 36. Rc1 axb5 37. Rxb5 c6 38. Rb6 Rd6 39. Rc2 Kg8 40.
Rcb2 Rdd7 41. a6 bxa6 42. Rxc6 Ra7 43. Ra2 a5 44. Rc4 Ra8 45. Rc5 Rea7 46. Rxe5
Kf7 47. Ke3 Kf6 48. Rd5 Ra6 49. f4 R6a7 50. g4 Ra6 51. e5+ Ke6 52. Ke4 R8a7 53.
f5+ Ke7 54. h4 Kf7 55. g5 hxg5 56. hxg5 g6 57. Rd6 gxf5+ 58. Kxf5 Rxd6 59. exd6
Ra6 60. g6+ Kg7 61. Ke6 Kxg6 62. Ke7 Kf5 63. d7 Re6+ 64. Kd8 Ra6 65. Kc7 Ra7+
66. Kc6 Ra6+ 67. Kb7 Rd6 68. Kc7 1-0

[Event "Sparkassen-Open A"]
[Site "Heusenstamm, Martinsee"]
[Date "2017.11.24"]
[Round "3.68"]
[White "Von Auer, Ulrich"]
[Black "Hinrichs, Paul"]
[Result "1-0"]
[WhiteElo "2055"]
[BlackElo "1844"]
[PlyCount "49"]
[EventDate "2017.??.??"]
[WhiteTeam "SF Frankfurt"]
[BlackTeam "SK Bingen"]

1. Nf3 d5 2. d4 Nf6 3. c4 c6 4. Nc3 e6 5. e3 Nbd7 6. Qc2 Bd6 7. Be2 O-O 8. O-O
dxc4 9. Bxc4 e5 10. Bb3 h6 11. Rd1 exd4 12. exd4 Nb6 13. h3 Nfd5 14. Re1 Nb4
15. Qd1 Bf5 16. Ne4 a5 17. a3 a4 18. axb4 axb3 19. Rxa8 Nxa8 20. Qxb3 Re8 21.
Nxd6 Rxe1+ 22. Nxe1 Qxd6 23. Qc3 Nc7 24. Qc5 Nb5 25. Qxf5 1-0

[Event "Sparkassen-Open A"]
[Site "Heusenstamm, Martinsee"]
[Date "2017.11.24"]
[Round "3.69"]
[White "Mischke, Gabriel"]
[Black "Rieger, Mario"]
[Result "1/2-1/2"]
[WhiteElo "2049"]
[BlackElo "1897"]
[PlyCount "36"]
[EventDate "2017.??.??"]
[WhiteTeam "TSV Schott Mainz"]
[BlackTeam "MS Halver-Schalksmühle"]

1. e4 c6 2. d4 d5 3. Nc3 dxe4 4. Nxe4 Nd7 5. Bc4 Ngf6 6. Ng5 e6 7. Qe2 Nb6 8.
N1f3 Nxc4 9. Qxc4 h6 10. Nh3 Bd6 11. Bd2 O-O 12. O-O-O Qc7 13. Qe2 b5 14. Ne5
a5 15. g4 b4 16. g5 hxg5 17. Nxg5 Ba6 18. Qe3 c5 1/2-1/2

[Event "Sparkassen-Open A"]
[Site "Heusenstamm, Martinsee"]
[Date "2017.11.24"]
[Round "3.70"]
[White "Schulze, Lara"]
[Black "Bachmann, Nick"]
[Result "1/2-1/2"]
[WhiteElo "1988"]
[BlackElo "1839"]
[PlyCount "73"]
[EventDate "2017.??.??"]
[WhiteTeam "SK Lehrte"]
[BlackTeam "SG Wächtersbach"]

1. e4 e6 2. d4 d5 3. Nd2 Nc6 4. Ngf3 Nf6 5. e5 Nd7 6. c3 f6 7. exf6 Qxf6 8. Bb5
Bd6 9. O-O O-O 10. Bxc6 bxc6 11. Qe2 Bb7 12. c4 Rae8 13. c5 Bf4 14. Nb3 e5 15.
Bxf4 Qxf4 16. dxe5 Nxe5 17. Nxe5 Rxe5 18. Qd3 Bc8 19. Nd4 Ba6 20. Qxa6 Qxd4 21.
Rad1 Qxb2 22. Qxc6 Qxa2 23. f4 Re2 24. Qxd5+ Qxd5 25. Rxd5 Rc2 26. g3 a5 27.
Re1 a4 28. c6 Rxc6 29. Rd7 a3 30. Ree7 Rb8 31. Rxg7+ Kh8 32. Rxh7+ Kg8 33.
Rhg7+ Kh8 34. Rh7+ Kg8 35. Rdg7+ Kf8 36. Rd7 Kg8 37. Rdg7+ 1/2-1/2

[Event "Sparkassen-Open A"]
[Site "Heusenstamm, Martinsee"]
[Date "2017.11.24"]
[Round "3.71"]
[White "Sauer, Bernd"]
[Black "Diehm, Alexander"]
[Result "1/2-1/2"]
[WhiteElo "1862"]
[BlackElo "2039"]
[PlyCount "137"]
[EventDate "2017.??.??"]
[WhiteTeam "SF Essen-Katernberg"]
[BlackTeam "SC FK Babenhausen"]

1. d4 f5 2. e4 fxe4 3. Nc3 Nf6 4. Bg5 e6 5. Nxe4 Be7 6. Nxf6+ Bxf6 7. Bxf6 Qxf6
8. Nf3 d6 9. Bd3 Bd7 10. Qe2 Nc6 11. O-O-O O-O-O 12. c3 Ne7 13. Be4 Nd5 14. Qc2
Bc6 15. Kb1 Qf4 16. Rhe1 g6 17. g3 Qf6 18. h4 Rdf8 19. Rd2 Nxc3+ 20. bxc3 Bxe4
21. Qxe4 Qxf3 22. Qxe6+ Kb8 23. Rde2 Qd3+ 24. Kb2 a6 25. Qd7 Rf3 26. Rc2 Rf5
27. Re8+ Rxe8 28. Qxe8+ Ka7 29. Qe2 Rb5+ 30. Kc1 Qf5 31. Rb2 Ra5 32. f4 c6 33.
Qe7 Rb5 34. Qe2 Qd5 35. Rxb5 axb5 36. Kd1 b4 37. cxb4 Qxd4+ 38. Qd2 Qg1+ 39.
Qe1 Qd4+ 40. Qd2 Qf6 41. Ke2 b6 42. Kf3 h5 43. a4 d5 44. a5 bxa5 45. bxa5 Ka6
46. Qb4 Qd8 47. Qc5 d4 48. Qxc6+ Kxa5 49. Ke4 Qe7+ 50. Kxd4 Qb4+ 51. Qc4 Qd2+
52. Qd3 Qb4+ 53. Ke5 Qe7+ 54. Kd4 Qd7+ 55. Ke3 Qg4 56. Kf2 Kb6 57. Qd6+ Ka5 58.
Qc5+ Ka6 59. Qc6+ Ka5 60. Qf3 Qf5 61. Qe2 Kb6 62. Qe5 Qg4 63. Qg5 Qe6 64. f5
Qa2+ 65. Kf3 Qd5+ 66. Ke2 Qc4+ 67. Kf3 Qd5+ 68. Ke2 Qc4+ 69. Kf3 1/2-1/2

[Event "Sparkassen-Open A"]
[Site "Heusenstamm, Martinsee"]
[Date "2017.11.24"]
[Round "3.72"]
[White "Pfeffer, Marko"]
[Black "Besancon, Pascal"]
[Result "0-1"]
[WhiteElo "2039"]
[BlackElo "1691"]
[PlyCount "80"]
[EventDate "2017.??.??"]
[WhiteTeam "SC Bergen-Enkheim"]
[BlackTeam "SK Weida"]

1. e4 d6 2. d3 e5 3. f4 exf4 4. Bxf4 f5 5. Nf3 Nf6 6. Nbd2 Be7 7. Be2 fxe4 8.
dxe4 Nbd7 9. c3 O-O 10. Bc4+ Kh8 11. Ng5 Nc5 12. Nf7+ Rxf7 13. Bxf7 Nd3+ 14.
Kf1 Nxf4 15. Qf3 Be6 16. Bxe6 Nxe6 17. Re1 Qd7 18. Qh3 Rf8 19. Kg1 Nf4 20. Qxd7
Nxd7 21. Nf3 Nd3 22. Re2 N7e5 23. Nxe5 dxe5 24. b4 c5 25. a3 cxb4 26. cxb4 Bd8
27. g3 Nf2 28. Rd2 Bb6 29. Rd7 Nxh1+ 30. Kxh1 h6 31. Rxb7 Rf1+ 32. Kg2 Ra1 33.
Kh3 Kh7 34. Kg4 Rxa3 35. Kh5 Re3 36. b5 Rxe4 37. h3 Rc4 38. Re7 e4 39. g4 Rc5+
40. Kh4 Bd8 0-1

[Event "Sparkassen-Open A"]
[Site "Heusenstamm, Martinsee"]
[Date "2017.11.24"]
[Round "3.73"]
[White "Held, Maurice"]
[Black "Kuhn, Gerhard"]
[Result "1-0"]
[WhiteElo "1870"]
[BlackElo "2035"]
[PlyCount "55"]
[EventDate "2017.??.??"]
[WhiteTeam "SC Ladja Roßdorf"]
[BlackTeam "SK Marburg"]

1. c4 Nf6 2. g3 g6 3. Bg2 d5 4. cxd5 Nxd5 5. d4 Bg7 6. e4 Nb6 7. Ne2 O-O 8.
Nbc3 Nc6 9. d5 Na5 10. O-O c6 11. dxc6 Nxc6 12. Be3 Nc4 13. Qc1 Nxe3 14. Qxe3
Qa5 15. Rfd1 Bg4 16. f3 Be6 17. f4 Rfd8 18. e5 Rac8 19. Nd4 Nxd4 20. Rxd4 Qc7
21. Rad1 b6 22. Qd2 Rxd4 23. Qxd4 Bf8 24. Bd5 Bxd5 25. Qxd5 e6 26. Qd7 Qc4 27.
Kg2 Bb4 28. Rd4 1-0

[Event "Sparkassen-Open A"]
[Site "Heusenstamm, Martinsee"]
[Date "2017.11.24"]
[Round "3.74"]
[White "Schweizer, Manfred"]
[Black "Sallwey, Rainer"]
[Result "1-0"]
[WhiteElo "2032"]
[BlackElo "1436"]
[PlyCount "65"]
[EventDate "2017.??.??"]
[WhiteTeam "Post-SV Memmingen"]
[BlackTeam "SK Langen"]

1. g3 c6 2. Bg2 d5 3. d3 Nf6 4. Nd2 e5 5. Ngf3 Bd6 6. O-O O-O 7. c4 d4 8. e3 c5
9. exd4 exd4 10. Re1 Nc6 11. a3 a5 12. Ng5 Bf5 13. Nde4 Bxe4 14. Nxe4 Nxe4 15.
Bxe4 Qd7 16. Bd2 Ne7 17. f4 f5 18. Bg2 Qc7 19. Re6 Rad8 20. Qa4 b6 21. Rae1 Rf7
22. b4 axb4 23. axb4 g6 24. bxc5 bxc5 25. Ba5 Qa7 26. Ra1 Bc7 27. Bxc7 Qxc7 28.
Rb1 Qd7 29. Qa6 Qe8 30. Rb7 Qf8 31. h3 Kg7 32. Re5 Rc8 33. Rbxe7 1-0

[Event "Sparkassen-Open A"]
[Site "Heusenstamm, Martinsee"]
[Date "2017.11.24"]
[Round "3.75"]
[White "Hagner, Bennet"]
[Black "Werner, Dimo"]
[Result "1/2-1/2"]
[WhiteElo "1715"]
[BlackElo "2031"]
[PlyCount "26"]
[EventDate "2017.??.??"]
[WhiteTeam "Frankfurter TV"]
[BlackTeam "TSV Schott Mainz"]

1. e4 e6 2. d4 d5 3. Nc3 Nf6 4. Bd3 c5 5. Bg5 dxe4 6. Nxe4 cxd4 7. Bb5+ Nc6 8.
c3 Bd7 9. Ne2 Be7 10. Bxf6 gxf6 11. Nxd4 Nxd4 12. Bxd7+ Qxd7 13. Qxd4 Qxd4
1/2-1/2

[Event "Sparkassen-Open A"]
[Site "Heusenstamm, Martinsee"]
[Date "2017.11.24"]
[Round "3.76"]
[White "Stolle, Hendrik"]
[Black "Küpper, Martin"]
[Result "0-1"]
[WhiteElo "1578"]
[BlackElo "2031"]
[PlyCount "84"]
[EventDate "2017.??.??"]
[WhiteTeam "TG Biberach"]
[BlackTeam "SC Fulda"]

1. e4 d5 2. exd5 Nf6 3. d4 Bg4 4. Nf3 Qxd5 5. Nc3 Qh5 6. Nb5 Na6 7. Bc4 e6 8.
Bf4 Be7 9. Qe2 O-O 10. O-O-O c6 11. Nc3 b5 12. Bd3 Nd5 13. Nxd5 Qxd5 14. Qe4
Qxe4 15. Bxe4 Rac8 16. h3 Bh5 17. g4 Bg6 18. Bxg6 fxg6 19. Bg5 Bd6 20. Ne5 c5
21. Nd7 Rxf2 22. dxc5 Bxc5 23. Nxc5 Nxc5 24. Rd8+ Rxd8 25. Bxd8 Kf7 26. Bg5 Rf3
27. Kd1 Ne4 28. Bh4 g5 29. Ke2 Rf4 30. Be1 e5 31. Ke3 Ke6 32. Rg1 h6 33. Bg3
Nxg3 34. Rxg3 Kd5 35. Rg1 e4 36. Rd1+ Ke5 37. Rd7 Rf3+ 38. Ke2 Rxh3 39. Rxa7
Kf4 40. c4 bxc4 41. a4 Rh2+ 42. Kf1 Rxb2 0-1

[Event "Sparkassen-Open A"]
[Site "Heusenstamm, Martinsee"]
[Date "2017.11.24"]
[Round "3.77"]
[White "Heindrich, Mark"]
[Black "Nickel, Jonas"]
[Result "1-0"]
[WhiteElo "2134"]
[BlackElo "1776"]
[PlyCount "64"]
[EventDate "2017.??.??"]
[WhiteTeam "TuS Dotzheim"]
[BlackTeam "SG Wächtersbach"]

1. e4 c5 2. Nf3 e6 3. c3 d5 4. exd5 exd5 5. Na3 Nc6 6. Bb5 Qe7+ 7. Be2 Nf6 8.
O-O h6 9. Re1 Be6 10. d4 a6 11. dxc5 Qxc5 12. Nc2 Qb6 13. Nfd4 Nxd4 14. Nxd4
Bc5 15. Qa4+ Nd7 16. Be3 O-O-O 17. b4 Bxd4 18. Bxd4 Qd6 19. b5 axb5 20. Bxb5
Nb6 21. Qa7 Nc4 22. Bc5 Qb8 23. Qa4 Qc7 24. Qb4 Bd7 25. Bxc4 dxc4 26. Bb6 Qc6
27. Bxd8 Rxd8 28. Rad1 Be6 29. Rxd8+ Kxd8 30. Rd1+ Ke8 31. Qa5 b6 32. Qe5 g6
1-0